00426nam a22001577a 4500003000400000005001700004008004100021020001500062040002900077050002200106100002000128245001200148260004300160300005300203650001200256OSt20260603131321.0260603b |||||||| |||| 00| 0 eng d a0393954048 cChuka University Library aQC 21.2b.O3 1985 aOhanian, Hans C aPhysics aNew YorkbW. W. Norton & Companyc1985 axv, 594p.bColored illustrations, includes index aPhysics